000 00714nam a22002177a 4500
003 UA-OsUOA
001 89856
007 ta
008 20121112b un ||||| |||| 00| 0 ukr d
090 _a268:37
_bХ91
942 _cBK
040 _aUA-OsUOA
_bukr
_cUA-OsUOA
_dUA-OsUOA
245 _aХрестоматія з духовно-морального виховання дошкільників
_cукл.: Богуш А. М., Сучок В. Є.
300 _a234 с.
955 _a2
041 _aukr
080 _a268:37
260 _aОстрог
_bНаУОА
_c2011
650 7 _a36 Забезпечення духовних та матеріальних життєвих потреб
_2UDC
999 _c376133
_d376133